World's Fastest Flying Birds - Statistics

General Stats
  • This quiz has been taken 28 times
  • The average score is 7 of 14
Answer Stats
Picture Answer % Correct
Anna's Hummingbird
91%
Golden Eagle
86%
Gyrfalcon
86%
Perigrine Falcon
86%
Spur-Winged Goose
68%
Grey-Headed Albatross
64%
Common Swift
59%
Eider
27%
Frigatebird
27%
Red-breasted merganser
23%
Eurasian Hobby
18%
Canvasback
14%
Teal
14%
White-Throated Needletail
5%
No matching quizzes found
Score Distribution
Percent of People with Each Score
Percentile by Number Answered
Your Score History
You have not taken this quiz